00562cam a22001457a 4500008004000000082001300040100001500053245005600068260002800124300001400152500011900166650002800285999001900313952008400332180718b1993 xxu||||| |||| 00| 0 eng d aT19 P759 aRoe, Terry aThe political economy of reform: Egypt in the 1980s aOxfordbBlackwellc1993 ap.179-224 a[In] Political and economic iinteractons in economiic policy reform, edited by Robert H. Bates and Anne O. Krueger aEgypt - Economic Policy c364726d364726 00104070aIIPAbIIPAd1994-04-13oT19 P759pCB385r2018-07-21w2018-07-21yCB